Religion Quiz

Random Religion or Book Quiz

Bible Books With Only 'SPORCLE' Quiz Stats

 Plays Quiz Updated Apr 11, 2017

Challenge
Share
Tweet
Embed
Score 0/16 Timer 05:00
0 Plays Today
Bible Book With Only 'SPORCLE' Bible Book % Correct
P S _ L _ SPsalms
94.4%
R E _ E L _ _ _ O _Revelation
92.6%
P R O _ E R _ SProverbs
92%
R _ _ _Ruth
89.2%
E C C L E S _ _ S _ E SEcclesiastes
87.7%
_ E _ E S _ SGenesis
87.3%
L _ _ ELuke
87.2%
E _ O _ _ SExodus
84.7%
Bible Book With Only 'SPORCLE' Bible Book % Correct
_ O _ _John
83.9%
_ C _ SActs
83%
_ _ _ _ E R SNumbers
62.2%
_ E R E _ _ _ _Jeremiah
60.6%
_ _ _ _ E SJudges
58.5%
_ E _ R E _ SHebrews
49.3%
_ _ L _ _ _ _ _ SGalatians
47%
_ E C _ _ R _ _ _Zechariah
43.3%

You're not logged in!

Compare scores with friends on all Sporcle quizzes.
OR
Log In

You Might Also Like...

Show Comments

Extras

Top Quizzes Today


Score Distribution

Your Account Isn't Verified!

In order to create a playlist on Sporcle, you need to verify the email address you used during registration. Go to your Sporcle Settings to finish the process.

Report this User

Report this user for behavior that violates our Community Guidelines.

Details: